000 00431nam a2200169Ia 4500
008 230711s9999||||xx |||||||||||||| ||und||
020 _a978-0-419-806679-5
041 _aENG
082 _a621.38
_bRA-S
100 _aRawat, Tarun Kumar
245 0 _aSignals and Systems
250 _a1st Reprint Ed.
260 _c2020
_aNew Delhi
_bOxford University Press
300 _a890p.
650 _aElectronics Engineering
942 _cBK
999 _c6974
_d6974